Gaming Quiz

Random Gaming or Nintendo Quiz

Banjo-Tooie - Mumbo spells by location Quiz Stats

 Plays Quiz not verified by Sporcle

Score 0/9 Timer 05:00
0 Plays Today
Location Spell % Correct
Glitter Gulch MineLevitate
90.2%
WitchyworldPower
88%
TerrydactylandEnlarge
84.8%
Isle O' HagsHeal
84.8%
Mayahem TempleSummon
83.7%
Jolly Roger's LagoonSunlight
78.3%
Cloud CuckoolandRain Dance
75%
Grunty IndustriesEMP
73.9%
Hailfire PeaksLife Force
66.3%

You're not logged in!

Compare scores with friends on all Sporcle quizzes.
OR
Log In

Show Comments

Extras

Top Quizzes Today


Score Distribution

Your Account Isn't Verified!

In order to create a playlist on Sporcle, you need to verify the email address you used during registration. Go to your Sporcle Settings to finish the process.

Report this User

Report this user for behavior that violates our Community Guidelines.

Details: